Normal view
MARC view
Entry Topical Term
001 - CONTROL NUMBER
- control field: 18865
003 - CONTROL NUMBER IDENTIFIER
- control field: HDC
005 - DATE AND TIME OF LATEST TRANSACTION
- control field: 20230624073538.0
008 - FIXED-LENGTH DATA ELEMENTS
- fixed length control field: 210308|| aca||aabn | a|a d
040 ## - CATALOGING SOURCE
- Original cataloging agency: HDC
- Transcribing agency: HDC
150 ## - HEADING--TOPICAL TERM
- General subdivision: private label processing
670 ## - SOURCE DATA FOUND
- Source citation: Work cat.: (HDC): Charles City corporation receives $56,800 grant
